Lego Ghostbusters Characters - Statistics

General Stats
  • This quiz has been taken 33 times
  • The average score is 8 of 11
Answer Stats
Picture Answer % Correct
Peter Venkman
100%
Egon Spengler
94%
Slimer
88%
Dana Barrett
81%
Raymond Stanz
81%
Stay Puft Marshmallow Man
81%
Winston Zeddemore
81%
Louis Tully
75%
Janine Melnitz
69%
Library Ghost
44%
Zombie Taxi Driver
25%
No matching quizzes found
Score Distribution
Percent of People with Each Score
Percentile by Number Answered
Your Score History
You have not taken this quiz